| 000 | 00332nam a2200121Ia 4500 | ||
|---|---|---|---|
| 008 | 231129s9999||||xx |||||||||||||| ||spa|| | ||
| 040 | _bspa | ||
| 082 | _a[EN PROCESO DE DESCARTE] R 036 A445 1975 | ||
| 100 | _aGardens Virginia | ||
| 245 | 0 | _aAlmanaque mundial 1975. | |
| 264 | _aU.S.A. (Virginia) : Ed. América | ||
| 942 |
_2ddc _cBKS |
||
| 999 |
_c4813 _d4813 |
||